[Event "SC 48/88 Erlangen 3-SC Forchheim 3"]
[Site "?"]
[Date "2015.03.22"]
[Round "8.3"]
[White "Heinkelmann, Josef"]
[Black "Zhao, Kevin"]
[Result "1-0"]
[WhiteElo "1864"]
[BlackElo "2006"]
[PlyCount "115"]
[EventDate "2015.??.??"]
[WhiteTeam "SC Forchheim 3"]
[BlackTeam "SC 48/88 Erlangen 3"]

1. c4 e6 2. Nc3 f5 3. Nf3 Nf6 4. g3 Be7 5. Bg2 d6 6. d4 O-O 7. O-O Ne4 8. Qc2
Nxc3 9. bxc3 Nc6 10. Re1 e5 11. d5 Na5 12. Nd2 Qe8 13. e4 f4 14. Qd3 Qh5 15.
Rb1 Rf6 16. Bf3 Bg4 17. Bxg4 Qxg4 18. f3 Qg6 19. Kg2 Qh5 20. Rh1 Rh6 21. Nb3
Qh3+ 22. Kg1 Nxb3 23. Rxb3 fxg3 24. Bxh6 g2 25. Bc1 Rf8 26. Qe2 gxh1=Q+ 27.
Kxh1 Rxf3 28. Kg1 Rxc3 29. Rb1 b6 30. Bd2 Qd3 31. Qg4 Qxb1+ 32. Kf2 Rf3+ 33.
Qxf3 Qxa2 34. Ke1 a5 35. Qf5 Bh4+ 36. Kd1 Qa4+ 37. Ke2 Qe8 38. Qg4 Bf6 39. h4
Kf8 40. Qf5 Kg8 41. h5 a4 42. h6 a3 43. Qg4 b5 44. Kd3 c6 45. c5 cxd5 46. cxd6
dxe4+ 47. Ke3 Kf7 48. d7 Qe7 49. hxg7 Bxg7 50. Bb4 Bh6+ 51. Ke2 Qf6 52. Qh5+
Kg7 53. Qg4+ Kf7 54. Qxe4 a2 55. Qd5+ Qe6 56. d8=N+ Ke8 57. Qxe6+ Kxd8 58. Qxa2
1-0

[Event "SC 48/88 Erlangen 3-SC Forchheim 3"]
[Site "?"]
[Date "2015.03.22"]
[Round "8.4"]
[White "Gloth, Gerrit"]
[Black "Radeck, Jochen"]
[Result "0-1"]
[WhiteElo "1870"]
[BlackElo "1766"]
[PlyCount "102"]
[EventDate "2015.??.??"]
[WhiteTeam "SC 48/88 Erlangen 3"]
[BlackTeam "SC Forchheim 3"]

1. e4 e5 2. Bc4 Nf6 3. d3 c6 4. Nf3 d5 5. exd5 cxd5 6. Bb3 Nc6 7. O-O Be6 8.
Re1 Bd6 9. Bg5 Rc8 10. Nc3 Bb8 11. Ba4 O-O 12. Bxc6 bxc6 13. Nxe5 Qd6 14. g3 d4
15. Ne4 Nxe4 16. Rxe4 f6 17. Bf4 fxe5 18. Bxe5 Qd5 19. Qe2 Bf7 20. Bxb8 Rxb8
21. b3 Bh5 22. Qd2 Bf3 23. Re7 Rbe8 24. Rae1 Rxe7 25. Rxe7 Bh1 26. f4 a5 27. a4
Bf3 28. Re5 Qd7 29. Qxa5 Re8 30. Qd2 Rxe5 31. fxe5 c5 32. Qf4 Qf7 33. Qg5 h6
34. Qd2 Bc6 35. Qf2 Qxf2+ 36. Kxf2 Kf7 37. Ke2 Ke6 38. Kd2 Kxe5 39. c3 Bd5 40.
b4 dxc3+ 41. Kxc3 cxb4+ 42. Kxb4 Kd4 43. a5 Kxd3 44. Kc5 Ke4 45. Kd6 g5 46. a6
g4 47. a7 Ba8 48. Ke6 Kf3 49. Kf5 Bb7 50. Kg6 Kg2 51. Kh5 Kh3 0-1

[Event "SC 48/88 Erlangen 3-SC Forchheim 3"]
[Site "?"]
[Date "2015.03.22"]
[Round "8.5"]
[White "Gagel, Roland"]
[Black "Weiss, Markus"]
[Result "1/2-1/2"]
[WhiteElo "1780"]
[BlackElo "1844"]
[PlyCount "61"]
[EventDate "2015.??.??"]
[WhiteTeam "SC Forchheim 3"]
[BlackTeam "SC 48/88 Erlangen 3"]

1. d4 Nf6 2. f4 d6 3. e3 g6 4. Nf3 Bg7 5. Bd3 O-O 6. O-O c6 7. c3 Nbd7 8. e4 e5
9. fxe5 dxe5 10. Bg5 Qb6 11. Qb3 Qc7 12. Nbd2 h6 13. Bh4 g5 14. Bg3 Nh5 15.
Bxe5 Nxe5 16. Nxe5 Bxe5 17. dxe5 Nf4 18. Qc2 Qxe5 19. Nf3 Qc5+ 20. Kh1 Be6 21.
b3 Rad8 22. Nd4 Qe7 23. Bc4 c5 24. Nf5 Bxf5 25. exf5 Qf6 26. Rad1 a6 27. a4 Qc6
28. Rfe1 Rxd1 29. Rxd1 b5 30. axb5 axb5 31. Bf1 1/2-1/2

[Event "SC 48/88 Erlangen 3-SC Forchheim 3"]
[Site "?"]
[Date "2015.03.22"]
[Round "8.6"]
[White "Albrecht, Thorsten"]
[Black "Osthof, Rudolf"]
[Result "1/2-1/2"]
[WhiteElo "1827"]
[BlackElo "1634"]
[PlyCount "53"]
[EventDate "2015.??.??"]
[WhiteTeam "SC 48/88 Erlangen 3"]
[BlackTeam "SC Forchheim 3"]

1. d4 Nf6 2. c4 g6 3. Nc3 d5 4. Bf4 Bg7 5. Qa4+ c6 6. Nf3 O-O 7. h3 Be6 8. Ng5
dxc4 9. Nxe6 fxe6 10. Qxc4 Nd5 11. Bxb8 Qxb8 12. e3 Kh8 13. Be2 e5 14. Nxd5
cxd5 15. Qxd5 exd4 16. exd4 Qf4 17. O-O Bxd4 18. Kh1 b6 19. g3 Qf6 20. Rad1
Bxb2 21. Kg2 Ba3 22. Rd3 Bc5 23. f4 Qd6 24. Qxa8 Rxa8 25. Rxd6 exd6 26. Rc1 Re8
27. Rc2 1/2-1/2

[Event "SC 48/88 Erlangen 3-SC Forchheim 3"]
[Site "?"]
[Date "2015.03.22"]
[Round "8.7"]
[White "Braun, Kristin"]
[Black "Weber, Alexander"]
[Result "0-1"]
[WhiteElo "1663"]
[BlackElo "1800"]
[PlyCount "112"]
[EventDate "2015.??.??"]
[WhiteTeam "SC Forchheim 3"]
[BlackTeam "SC 48/88 Erlangen 3"]

1. Nf3 Nf6 2. g3 Nc6 3. Bg2 e5 4. d3 Be7 5. c4 O-O 6. Nc3 d6 7. O-O Bf5 8. Bd2
Qd7 9. Re1 Bh3 10. Bh1 h6 11. Rb1 a5 12. a3 Rae8 13. Qc2 Nh5 14. Nd5 f5 15. b4
axb4 16. axb4 f4 17. b5 Nd8 18. Nxe7+ Rxe7 19. Nh4 fxg3 20. fxg3 Rf6 21. Bd5+
Be6 22. Bf3 g5 23. Bxh5 gxh4 24. Rf1 Rxf1+ 25. Rxf1 hxg3 26. hxg3 Bg4 27. Bxg4
Qxg4 28. Be1 Ne6 29. e3 Ng5 30. Qg2 e4 31. dxe4 Rxe4 32. Rf4 Nh3+ 33. Kh2 Nxf4
34. Qxe4 Qe2+ 35. Kh1 Qxe1+ 36. Kh2 Qf2+ 37. Kh1 Qf1+ 38. Kh2 Qh3+ 39. Kg1 Ne2+
40. Kf2 Nxg3 41. Qe8+ Kg7 42. Qe7+ Kg6 43. Qe8+ Kf6 44. Qh8+ Kf7 45. Qh7+ Ke6
46. Qg8+ Ke5 47. Qg7+ Ke4 48. Qd4+ Kf5 49. Qd5+ Kf6 50. Qd4+ Kg6 51. Qf4 Nf5
52. e4 Qh4+ 53. Kf3 Nd4+ 54. Ke3 Nc2+ 55. Kf3 Qxf4+ 56. Kxf4 Na3 0-1

[Event "SC 48/88 Erlangen 3-SC Forchheim 3"]
[Site "?"]
[Date "2015.03.22"]
[Round "8.8"]
[White "Wegmann, Sven"]
[Black "Wichmann, Joerg"]
[Result "1-0"]
[WhiteElo "1626"]
[BlackElo "1401"]
[PlyCount "55"]
[EventDate "2015.??.??"]
[WhiteTeam "SC 48/88 Erlangen 3"]
[BlackTeam "SC Forchheim 3"]

1. e4 c5 2. Nf3 Nc6 3. d4 cxd4 4. Nxd4 e5 5. Nb5 d6 6. N1c3 a6 7. Na3 Nf6 8.
Bg5 Be6 9. Nc4 Bxc4 10. Bxc4 Be7 11. O-O O-O 12. Be3 b5 13. Bd5 Rc8 14. a3 Qd7
15. Qd2 Qg4 16. Rad1 Nh5 17. Bxc6 Rxc6 18. Nd5 Bh4 19. f3 Qg6 20. c3 f5 21.
exf5 Rxf5 22. b4 Rc4 23. Kh1 Ng3+ 24. hxg3 Qxg3 25. Kg1 Rh5 26. Nf6+ Bxf6 27.
Qd5+ Kh8 28. Qa8+ 1-0

[Event "SK Schwanstetten 1-SC NT Nuernberg 4"]
[Site "?"]
[Date "2015.03.22"]
[Round "8.1"]
[White "Krauss, Hermann"]
[Black "Manthey, Frank"]
[Result "1/2-1/2"]
[WhiteElo "1982"]
[BlackElo "2045"]
[PlyCount "40"]
[EventDate "2015.??.??"]
[WhiteTeam "SC NT Nürnberg 4"]
[BlackTeam "SK Schwanstetten 1"]

1. e4 c5 2. Nf3 Nc6 3. d4 cxd4 4. Nxd4 g6 5. c4 Bg7 6. Be3 Nf6 7. Nc3 O-O 8.
Be2 d6 9. f3 Bd7 10. Qd2 Nxd4 11. Bxd4 a5 12. Nd5 Nxd5 13. cxd5 a4 14. O-O Qa5
15. Rfd1 Qxd2 16. Rxd2 Bxd4+ 17. Rxd4 Rfc8 18. Rb4 b5 19. Bd3 Rc5 20. a3 Rac8
1/2-1/2

[Event "SK Schwanstetten 1-SC NT Nuernberg 4"]
[Site "?"]
[Date "2015.03.22"]
[Round "8.3"]
[White "Rabenstein, Christian"]
[Black "Cipra, Lothar"]
[Result "0-1"]
[WhiteElo "1727"]
[BlackElo "1933"]
[PlyCount "92"]
[EventDate "2015.??.??"]
[WhiteTeam "SC NT Nürnberg 4"]
[BlackTeam "SK Schwanstetten 1"]

1. c4 Nf6 2. Nc3 d5 3. cxd5 Nxd5 4. g3 Nxc3 5. bxc3 e5 6. Bg2 c6 7. Rb1 Bd6 8.
d3 O-O 9. Nf3 Nd7 10. O-O h6 11. e4 Nf6 12. h3 Qa5 13. Qc2 Qc7 14. Be3 c5 15.
Rfc1 b6 16. Nd2 Bb7 17. Nc4 Be7 18. f4 Nh5 19. fxe5 Nxg3 20. Bf4 Nh5 21. Bh2
Qd7 22. Qe2 g6 23. Rf1 Rad8 24. Nd6 Ba6 25. c4 Qe6 26. Rf3 f6 27. Rbf1 fxe5 28.
Nf7 Nf4 29. Nxh6+ Kh7 30. Bxf4 Rxf4 31. Rxf4 exf4 32. Ng4 Qd6 33. Nf2 Bf6 34.
Kh1 Kg7 35. Qg4 Bc8 36. Qe2 Be6 37. Re1 Be5 38. Rg1 Bd4 39. Bf1 Rh8 40. Rg5
Bxf2 41. Qxf2 Bxh3 42. Qb2+ Qf6 43. Qxf6+ Kxf6 44. Bxh3 Kxg5 45. Kg2 Rd8 46.
Be6 Rxd3 0-1

[Event "SK Schwanstetten 1-SC NT Nuernberg 4"]
[Site "?"]
[Date "2015.03.22"]
[Round "8.4"]
[White "Arlt, Michael"]
[Black "Daehne, Horst"]
[Result "1/2-1/2"]
[WhiteElo "1884"]
[BlackElo "1718"]
[PlyCount "63"]
[EventDate "2015.??.??"]
[WhiteTeam "SK Schwanstetten 1"]
[BlackTeam "SC NT Nürnberg 4"]

1. e4 c5 2. Nf3 Nc6 3. d4 cxd4 4. Nxd4 Nf6 5. Nc3 d6 6. f4 e6 7. Be3 Be7 8. Qf3
Bd7 9. g4 e5 10. Nf5 g6 11. Nh6 Bf8 12. Nxf7 Kxf7 13. f5 Nd4 14. Bc4+ Ke8 15.
Qg2 Rc8 16. Bd3 Bc6 17. g5 Nh5 18. Qg4 Qd7 19. Bxd4 exd4 20. Bc4 Ng7 21. Be6
Nxe6 22. fxe6 Qc7 23. Ne2 Be7 24. O-O Bb5 25. Rf7 Bxe2 26. Qxe2 Qxc2 27. Qf3
Rc7 28. Qf4 Qe2 29. Rxe7+ Rxe7 30. Qxd6 Qe3+ 31. Kh1 Qxe4+ 32. Kg1 1/2-1/2

[Event "SK Schwanstetten 1-SC NT Nuernberg 4"]
[Site "?"]
[Date "2015.03.22"]
[Round "8.5"]
[White "Thoma, Dirk"]
[Black "Schulz, Wilfried"]
[Result "0-1"]
[WhiteElo "1464"]
[BlackElo "1855"]
[PlyCount "106"]
[EventDate "2015.??.??"]
[WhiteTeam "SC NT Nürnberg 4"]
[BlackTeam "SK Schwanstetten 1"]

1. d4 Nf6 2. c4 g6 3. Nf3 Bg7 4. Nc3 O-O 5. Bf4 d6 6. e3 c6 7. Be2 Nbd7 8. O-O
Qc7 9. Bg3 a6 10. Rc1 Qa5 11. Qc2 b5 12. a3 Bb7 13. Nd2 Rac8 14. Nb3 Qb6 15.
Qb1 Qa7 16. Na5 bxc4 17. Nxb7 Qxb7 18. Bxc4 Rb8 19. b4 a5 20. bxa5 Qa7 21. Qc2
Qxa5 22. Qa2 Nb6 23. Bd3 Ra8 24. Nb1 Rfc8 25. f3 Nfd5 26. Be1 Qa7 27. Qe2 Na4
28. Bf2 Rab8 29. Rc2 Rxb1 30. Rxb1 Nac3 31. Qe1 Nxb1 32. Qxb1 Qxa3 33. Ra2 Qb4
34. Rb2 Qa5 35. Ra2 Qd8 36. Rb2 c5 37. Rb7 c4 38. Bc2 Bh6 39. e4 Ne3 40. Ba4 c3
41. Qc1 c2 42. g3 Qa5 43. f4 Qxa4 44. Bxe3 Bg7 45. e5 dxe5 46. fxe5 Qc6 47.
Rxe7 Qf3 48. Bd2 Qd3 49. Rd7 Bxe5 50. Be3 Qxe3+ 51. Qxe3 c1=Q+ 52. Qxc1 Rxc1+
53. Kg2 Bf6 0-1

[Event "SK Schwanstetten 1-SC NT Nuernberg 4"]
[Site "?"]
[Date "2015.03.22"]
[Round "8.6"]
[White "Leonhardt, Frank"]
[Black "Dreiseitel, Werner"]
[Result "1-0"]
[WhiteElo "1880"]
[BlackElo "1433"]
[PlyCount "57"]
[EventDate "2015.??.??"]
[WhiteTeam "SK Schwanstetten 1"]
[BlackTeam "SC NT Nürnberg 4"]

1. e4 c6 2. d4 d5 3. Nc3 dxe4 4. Nxe4 Bf5 5. Ng3 Bg6 6. Nf3 Nd7 7. Bd3 Qc7 8.
O-O Bxd3 9. Qxd3 Ngf6 10. c4 e6 11. Bd2 Bd6 12. Rfe1 O-O 13. Bc3 Rad8 14. Rad1
Rfe8 15. Qe2 c5 16. b3 cxd4 17. Nxd4 a6 18. Nf3 h6 19. Qd2 Bc5 20. Qb2 Bf8 21.
Rd2 Qb6 22. Red1 Bb4 23. Bxb4 Qxb4 24. Rd6 Qa5 25. Qd4 Re7 26. Ne5 Qc7 27. Ne4
Nxe4 28. Qxe4 g6 29. Qd4 1-0

[Event "SK Schwanstetten 1-SC NT Nuernberg 4"]
[Site "?"]
[Date "2015.03.22"]
[Round "8.7"]
[White "Kost, Andreas"]
[Black "Vogt, Peter"]
[Result "0-1"]
[WhiteElo "1474"]
[BlackElo "1834"]
[PlyCount "145"]
[EventDate "2015.??.??"]
[WhiteTeam "SC NT Nürnberg 4"]
[BlackTeam "SK Schwanstetten 1"]

1. d4 d5 2. c4 e6 3. Nc3 Nf6 4. Nf3 c6 5. Bg5 Nbd7 6. cxd5 exd5 7. e3 Bb4 8.
Rc1 Qa5 9. a3 Bxc3+ 10. bxc3 Qxa3 11. Bd3 h6 12. Bf4 O-O 13. O-O Re8 14. Bb1
Ne4 15. Qc2 Ndf6 16. Ne5 Bf5 17. Nd3 Qe7 18. Qb2 Bh7 19. Ne5 Nh5 20. Rfe1 Nxf4
21. exf4 f6 22. Nd3 Qc7 23. g3 a5 24. Kg2 b5 25. Re3 Nd6 26. Rxe8+ Rxe8 27. Rd1
Qf7 28. h3 Nc4 29. Qa2 Be4+ 30. Kh2 Qh5 31. g4 Qh4 32. Re1 Re7 33. f5 Ra7 34.
Qe2 Qg5 35. Kg3 Qd2 36. Qxd2 Nxd2 37. Ba2 Bxd3 38. Re6 Bb1 39. Bxb1 Nxb1 40.
Rxc6 a4 41. Kh4 a3 42. Kh5 Kh7 43. Rc8 a2 44. f4 a1=Q 45. h4 Nxc3 46. Re8 Ne4
47. Rh8+ Kxh8 48. Kg6 Qg1 49. g5 fxg5 50. fxg5 hxg5 51. h5 Kg8 52. f6 Nxf6 53.
Kf5 b4 54. h6 b3 55. h7+ Kh8 56. Ke5 b2 57. Kd6 b1=R 58. Ke5 g4 59. Kd6 g3 60.
Ke5 g2 61. Kd6 Qf2 62. Ke5 g1=Q 63. Kd6 g5 64. Ke5 g4 65. Kd6 g3 66. Ke5 g2 67.
Kd6 Qge1 68. Kc6 g1=Q 69. Kd6 Qxd4 70. Kc6 Qe8+ 71. Kd6 Qe7+ 72. Kc6 Qe8+ 73.
Kd6 0-1

[Event "SK Schwanstetten 1-SC NT Nuernberg 4"]
[Site "?"]
[Date "2015.03.22"]
[Round "8.8"]
[White "Arlt, Birgit"]
[Black "Faralisz, Patrick"]
[Result "1/2-1/2"]
[WhiteElo "1585"]
[BlackElo "1687"]
[PlyCount "70"]
[EventDate "2015.??.??"]
[WhiteTeam "SK Schwanstetten 1"]
[BlackTeam "SC NT Nürnberg 4"]

1. e4 c5 2. Nf3 Nc6 3. d4 cxd4 4. Nxd4 Nf6 5. Nc3 e5 6. Nb3 Bb4 7. Bg5 O-O 8.
Bc4 Bxc3+ 9. bxc3 d6 10. O-O Be6 11. Bb5 Rc8 12. Qf3 a6 13. Be2 Qe7 14. Rfe1
Rfd8 15. Bd3 h6 16. Bh4 d5 17. exd5 Bxd5 18. Qf5 Qd6 19. Bxf6 Qxf6 20. Qh7+ Kf8
21. Re3 Ke7 22. Rg3 g5 23. Re1 Rh8 24. Qf5 Qxf5 25. Bxf5 Be6 26. Bxe6 Kxe6 27.
Nc5+ Ke7 28. Nxb7 Rb8 29. Nc5 Rb2 30. Nxa6 Rxa2 31. Nb4 Nxb4 32. cxb4 Rxc2 33.
Rxe5+ Kd6 34. Re1 Rb2 35. h3 Rxb4 1/2-1/2

[Event "SC Heideck/Hilpoltstein 1-SG Kirchehren"]
[Site "?"]
[Date "2015.03.22"]
[Round "8.1"]
[White "Kuhmann, Peter"]
[Black "Fink, Martin"]
[Result "1/2-1/2"]
[WhiteElo "1843"]
[BlackElo "1847"]
[PlyCount "121"]
[EventDate "2015.??.??"]
[WhiteTeam "SG Kirchehren./Eberm. 1"]
[BlackTeam "SC Heideck/Hilpoltstein 1"]

1. c4 g6 2. Nf3 Bg7 3. e3 c5 4. d4 cxd4 5. exd4 Nf6 6. Bd3 d5 7. Ne5 O-O 8. O-O
Nc6 9. Be3 Nxe5 10. dxe5 Ng4 11. cxd5 Nxe3 12. fxe3 Qxd5 13. Nc3 Qxe5 14. Qf3
Rb8 15. Rad1 b5 16. Be4 Be6 17. Nd5 Bxd5 18. Rxd5 Qc7 19. b4 Bh6 20. Rc5 Qd6
21. Rd1 Qe6 22. a3 Rbc8 23. Rdc1 Rxc5 24. Rxc5 Qb3 25. Kf2 a6 26. Qh3 Kg7 27.
g4 e5 28. Qg3 Kg8 29. Qf3 Qxa3 30. Bd5 e4 31. Qxe4 Qb2+ 32. Rc2 Qf6+ 33. Qf3
Qe5 34. h3 Bxe3+ 35. Kg2 Bb6 36. Qe4 Re8 37. Qxe5 Rxe5 38. Bb7 a5 39. Rc6 axb4
40. Rxb6 b3 41. Kf3 b2 42. Be4 Rxe4 43. Rxb5 Rd4 44. Rxb2 Rd3+ 45. Kg2 Kg7 46.
Rb6 h5 47. gxh5 gxh5 48. Rc6 f6 49. Rc2 Kg6 50. Rc5 h4 51. Rc4 Rg3+ 52. Kh2 Kg5
53. Rc8 f5 54. Rc4 Re3 55. Rc2 Kf4 56. Rc4+ Kf3 57. Rxh4 Re2+ 58. Kg1 Kg3 59.
Kf1 Rh2 60. Ra4 Kxh3 61. Rf4 1/2-1/2

[Event "SC Heideck/Hilpoltstein 1-SG Kirchehren"]
[Site "?"]
[Date "2015.03.22"]
[Round "8.2"]
[White "Kirchner, Norbert"]
[Black "Pokorny, Klaus"]
[Result "1-0"]
[WhiteElo "2013"]
[BlackElo "1736"]
[PlyCount "31"]
[EventDate "2015.??.??"]
[WhiteTeam "SC Heideck/Hilpoltstein 1"]
[BlackTeam "SG Kirchehren./Eberm. 1"]

1. e4 e6 2. d4 d5 3. e5 c5 4. c3 Nc6 5. Nf3 Qb6 6. Bd3 Bd7 7. dxc5 Bxc5 8. Qe2
Nh6 9. O-O Ng4 10. b4 Bxf2+ 11. Rxf2 Nxf2 12. Be3 Nxd3 13. Bxb6 Ndxe5 14. Nxe5
axb6 15. Nd2 f6 16. Qh5+ 1-0

[Event "SC Heideck/Hilpoltstein 1-SG Kirchehren"]
[Site "?"]
[Date "2015.03.22"]
[Round "8.4"]
[White "Korth, Manfred"]
[Black "Kotz, Roland"]
[Result "1-0"]
[WhiteElo "1833"]
[BlackElo "1633"]
[PlyCount "125"]
[EventDate "2015.??.??"]
[WhiteTeam "SC Heideck/Hilpoltstein 1"]
[BlackTeam "SG Kirchehren./Eberm. 1"]

1. Nf3 d5 2. d4 Nf6 3. Bf4 g6 4. h3 Bg7 5. e3 c5 6. c3 cxd4 7. exd4 Qb6 8. Qb3
Qxb3 9. axb3 a6 10. b4 Nbd7 11. b5 a5 12. b4 a4 13. Bd3 Nb6 14. O-O Nh5 15. Bc7
Nc4 16. Bxc4 dxc4 17. Nfd2 Bd7 18. Na3 Nf6 19. Be5 Rc8 20. Rfe1 Be6 21. Nc2 Bd7
22. Bxf6 Bxf6 23. Ne4 O-O 24. Nxf6+ exf6 25. Rxa4 Bxb5 26. Ra5 Bd7 27. Re7 Rfd8
28. Rc5 Rxc5 29. bxc5 Kf8 30. Re3 Ra8 31. Nb4 Ra1+ 32. Kh2 Rc1 33. Nd5 Kg7 34.
Nb6 Bb5 35. d5 Rd1 36. Kg3 g5 37. Kf3 f5 38. Ke2 Rb1 39. d6 f4 40. Re5 Rb2+ 41.
Kd1 f6 42. Re2 Rb1+ 43. Kc2 Ra1 44. Rd2 Ra2+ 45. Kd1 Ra1+ 46. Ke2 Ra7 47. d7
Bxd7 48. Rxd7+ Kg6 49. Rd4 Ra2+ 50. Kf3 h5 51. g4 hxg4+ 52. hxg4 Ra1 53. Nxc4
Rh1 54. Kg2 Rc1 55. Rd3 f5 56. gxf5+ Kxf5 57. Nd6+ Kg4 58. Nxb7 Kh5 59. c6 g4
60. Nd6 Rc2 61. c7 g3 62. c8=Q Rxf2+ 63. Kg1 1-0

[Event "SC Heideck/Hilpoltstein 1-SG Kirchehren"]
[Site "?"]
[Date "2015.03.22"]
[Round "8.5"]
[White "Schneider, Norbert"]
[Black "Ruderer, Thomas"]
[Result "1/2-1/2"]
[WhiteElo "1690"]
[BlackElo "1768"]
[PlyCount "70"]
[EventDate "2015.??.??"]
[WhiteTeam "SG Kirchehren./Eberm. 1"]
[BlackTeam "SC Heideck/Hilpoltstein 1"]

1. Nf3 d5 2. d4 Nf6 3. c4 e6 4. a3 c5 5. Nc3 cxd4 6. Nxd4 Be7 7. e3 O-O 8. cxd5
Nxd5 9. Qc2 a6 10. Bd3 h6 11. Bd2 Nxc3 12. Bxc3 Nd7 13. O-O Ne5 14. Be2 Bf6 15.
Rad1 Qe7 16. b4 Nd7 17. Nf3 b5 18. Bxf6 Nxf6 19. Rd2 Bb7 20. Rfd1 Rac8 21. Qb2
Rc7 22. Ne5 Rfc8 23. h3 Bd5 24. f3 Qd6 25. Kh1 Qb6 26. e4 Bxe4 27. fxe4 Nxe4
28. Rd8+ Kh7 29. Bf3 Nf2+ 30. Kh2 Nxd1 31. Qb1+ f5 32. Rxd1 Qe3 33. Nd3 Rd8 34.
Nc5 Qe5+ 35. Kh1 Rd6 1/2-1/2

[Event "SC Heideck/Hilpoltstein 1-SG Kirchehren"]
[Site "?"]
[Date "2015.03.22"]
[Round "8.6"]
[White "Perner, Bastian"]
[Black "Kramer, Markus"]
[Result "1/2-1/2"]
[WhiteElo "1880"]
[BlackElo "1706"]
[PlyCount "36"]
[EventDate "2015.??.??"]
[WhiteTeam "SC Heideck/Hilpoltstein 1"]
[BlackTeam "SG Kirchehren./Eberm. 1"]

1. e4 c5 2. Nf3 g6 3. d4 cxd4 4. Nxd4 Bg7 5. Be3 d6 6. Bc4 Nf6 7. f3 O-O 8. O-O
Bd7 9. Nc3 Nc6 10. Bb3 a6 11. Qd2 b5 12. a3 Rc8 13. Nxc6 Bxc6 14. Bd4 Qa5 15.
Qe3 Qc7 16. e5 dxe5 17. Bxe5 Ng4 18. fxg4 Bxe5 1/2-1/2

[Event "SC Heideck/Hilpoltstein 1-SG Kirchehren"]
[Site "?"]
[Date "2015.03.22"]
[Round "8.7"]
[White "Boehm, Karl-Heinz"]
[Black "Strnad, Alfred"]
[Result "1/2-1/2"]
[WhiteElo "1747"]
[BlackElo "1869"]
[PlyCount "21"]
[EventDate "2015.??.??"]
[WhiteTeam "SG Kirchehren./Eberm. 1"]
[BlackTeam "SC Heideck/Hilpoltstein 1"]

1. d4 Nf6 2. c4 g6 3. Nc3 Bg7 4. e4 d6 5. Be2 O-O 6. Be3 e5 7. dxe5 dxe5 8. f3
c6 9. Qxd8 Rxd8 10. Rd1 Rxd1+ 11. Bxd1 1/2-1/2

[Event "SC Heideck/Hilpoltstein 1-SG Kirchehren"]
[Site "?"]
[Date "2015.03.22"]
[Round "8.8"]
[White "Ruderer, Maximilian"]
[Black "Seel, Manfred"]
[Result "1-0"]
[WhiteElo "1728"]
[BlackElo "1545"]
[PlyCount "59"]
[EventDate "2015.??.??"]
[WhiteTeam "SC Heideck/Hilpoltstein 1"]
[BlackTeam "SG Kirchehren./Eberm. 1"]

1. e4 c5 2. Nf3 Nc6 3. Bb5 g6 4. O-O Bg7 5. c3 d6 6. d4 cxd4 7. cxd4 Bd7 8. Nc3
a6 9. Ba4 b5 10. Bb3 b4 11. Ne2 Nf6 12. Ng3 O-O 13. Be3 Bg4 14. Rc1 Rc8 15. Qd3
a5 16. Qa6 Nb8 17. Qd3 Qd7 18. Ng5 Qb7 19. f4 h6 20. Nf3 Rxc1 21. Rxc1 Rc8 22.
Rxc8+ Qxc8 23. Qb5 Qc7 24. e5 Nfd7 25. Nh4 g5 26. fxg5 hxg5 27. exd6 Qxd6 28.
Qxg5 Nf6 29. Nhf5 Bxf5 30. Nxf5 1-0

[Event "SC Heideck/Hilpoltstein 1-SC NT Nuernbe"]
[Site "?"]
[Date "2015.04.19"]
[Round "9.1"]
[White "Krauss, Hermann"]
[Black "Fink, Martin"]
[Result "1-0"]
[WhiteElo "1982"]
[BlackElo "1847"]
[PlyCount "81"]
[EventDate "2015.??.??"]
[WhiteTeam "SC NT Nürnberg 4"]
[BlackTeam "SC Heideck/Hilpoltstein 1"]

1. e4 e5 2. Bc4 Nf6 3. Nc3 c6 4. Qe2 b5 5. Bb3 Ba6 6. d3 Bb4 7. Nf3 O-O 8. Nxe5
d5 9. O-O Bxc3 10. bxc3 dxe4 11. dxe4 Qe7 12. Bf4 c5 13. c4 bxc4 14. Bxc4 Bxc4
15. Qxc4 Nh5 16. Nd3 Nxf4 17. Nxf4 Nd7 18. Nd5 Qh4 19. Rab1 Rab8 20. f3 Qg5 21.
Qc3 Rfe8 22. Rfd1 h5 23. Qe3 Rxb1 24. Qxg5 Rxd1+ 25. Kf2 f6 26. Qg6 Re5 27. f4
Re6 28. Ne3 Nf8 29. Qxh5 Rd2+ 30. Kf3 Rd4 31. Qxc5 Rexe4 32. g3 Ra4 33. Qd5+
Kh7 34. Qxe4+ Rxe4 35. Kxe4 Kg6 36. Kd5 Nd7 37. c4 Nb6+ 38. Kc6 Na4 39. Kb7 Nc3
40. a3 Kh5 41. Kxa7 1-0

[Event "SC Heideck/Hilpoltstein 1-SC NT Nuernbe"]
[Site "?"]
[Date "2015.04.19"]
[Round "9.4"]
[White "Korth, Manfred"]
[Black "Loebel, Petra"]
[Result "1/2-1/2"]
[WhiteElo "1833"]
[BlackElo "1826"]
[PlyCount "65"]
[EventDate "2015.??.??"]
[WhiteTeam "SC Heideck/Hilpoltstein 1"]
[BlackTeam "SC NT Nürnberg 4"]

1. Nf3 e6 2. d4 f5 3. Bf4 Nf6 4. h3 b6 5. e3 Bb7 6. Be2 Be7 7. O-O O-O 8. c4
Ne4 9. Nbd2 g5 10. Bh2 g4 11. hxg4 fxg4 12. Ne5 g3 13. fxg3 Bg5 14. Nxe4 Bxe4
15. Qd2 d6 16. Rxf8+ Qxf8 17. Rf1 Qh6 18. Ng4 Qg6 19. Bf3 Nd7 20. Nf2 Nf6 21.
Nxe4 Nxe4 22. Qe2 Rf8 23. d5 Nc5 24. b4 Nd3 25. dxe6 Nxb4 26. Rd1 Qc2 27. Re1
Re8 28. a3 Qxe2 29. Rxe2 Nd3 30. g4 Nc5 31. Bc6 Re7 32. Bf4 h6 33. Bxg5 1/2-1/2

[Event "SC Heideck/Hilpoltstein 1-SC NT Nuernbe"]
[Site "?"]
[Date "2015.04.19"]
[Round "9.5"]
[White "Rabenstein, Christian"]
[Black "Ruderer, Thomas"]
[Result "1/2-1/2"]
[WhiteElo "1727"]
[BlackElo "1768"]
[PlyCount "69"]
[EventDate "2015.??.??"]
[WhiteTeam "SC NT Nürnberg 4"]
[BlackTeam "SC Heideck/Hilpoltstein 1"]

1. c4 e6 2. Nf3 Nf6 3. b3 c5 4. g3 b6 5. Bg2 Bb7 6. O-O Be7 7. Bb2 O-O 8. e3 d5
9. Qe2 dxc4 10. bxc4 Nc6 11. Rd1 Qc7 12. Nc3 Rad8 13. Rac1 Rd7 14. d4 Rfd8 15.
Nb5 Qb8 16. dxc5 bxc5 17. Nc3 Nb4 18. Rxd7 Rxd7 19. Rb1 Qd8 20. Ba1 Ne4 21. a3
Nxc3 22. Bxc3 Be4 23. Rc1 Nd3 24. Rf1 Bf6 25. Bxf6 Qxf6 26. Rb1 Rd8 27. Rd1 Qc3
28. Ne1 Bxg2 29. Nxg2 e5 30. e4 Rd4 31. Qg4 h6 32. Qc8+ Kh7 33. Qf5+ Kg8 34.
Qc8+ Kh7 35. Qf5+ 1/2-1/2

[Event "SC Heideck/Hilpoltstein 1-SC NT Nuernbe"]
[Site "?"]
[Date "2015.04.19"]
[Round "9.6"]
[White "Strnad, Alfred"]
[Black "Dreiseitel, Werner"]
[Result "1-0"]
[WhiteElo "1869"]
[BlackElo "1433"]
[PlyCount "61"]
[EventDate "2015.??.??"]
[WhiteTeam "SC Heideck/Hilpoltstein 1"]
[BlackTeam "SC NT Nürnberg 4"]

1. d4 d5 2. c4 c6 3. Nc3 Nf6 4. cxd5 cxd5 5. Bg5 e6 6. e3 Be7 7. Bd3 O-O 8. Nf3
h6 9. Bh4 b6 10. Qe2 a6 11. O-O Bb7 12. Ne5 Nbd7 13. f4 Nxe5 14. fxe5 Nd7 15.
Bxe7 Qxe7 16. Qh5 f5 17. Ne2 Rf7 18. Rac1 Rc8 19. Rxc8+ Bxc8 20. Rc1 Qd8 21. g4
fxg4 22. Qxg4 Nf8 23. Kh1 b5 24. Nf4 Bd7 25. Rg1 g5 26. Qh5 Rg7 27. Qxh6 Qe7
28. Nh5 Be8 29. Nxg7 Qf7 30. Qxg5 Qf3+ 31. Qg2 1-0

[Event "SC Heideck/Hilpoltstein 1-SC NT Nuernbe"]
[Site "?"]
[Date "2015.04.19"]
[Round "9.7"]
[White "Kost, Andreas"]
[Black "Ruderer, Maximilian"]
[Result "0-1"]
[WhiteElo "1474"]
[BlackElo "1728"]
[PlyCount "54"]
[EventDate "2015.??.??"]
[WhiteTeam "SC NT Nürnberg 4"]
[BlackTeam "SC Heideck/Hilpoltstein 1"]

1. d4 e6 2. c4 b6 3. Nc3 Bb7 4. e4 Bb4 5. f3 d5 6. cxd5 exd5 7. e5 c5 8. Be3
Ne7 9. Bd3 cxd4 10. Bxd4 Nbc6 11. Bb5 O-O 12. a3 Nxd4 13. axb4 Nef5 14. Nge2
Qh4+ 15. g3 Nxf3+ 16. Kf2 Qxb4 17. Kxf3 d4+ 18. Ne4 Qxb5 19. Nxd4 Qxe5 20. Re1
Nxd4+ 21. Kf2 Qf5+ 22. Kg2 Bxe4+ 23. Rxe4 Qxe4+ 24. Kh3 Rfe8 25. Ra4 Qf5+ 26.
Kg2 Re2+ 27. Kg1 Qf2+ 0-1

[Event "SC Heideck/Hilpoltstein 1-SC NT Nuernbe"]
[Site "?"]
[Date "2015.04.19"]
[Round "9.8"]
[White "Ruderer, Alexander"]
[Black "Semenova, Alisa"]
[Result "1-0"]
[WhiteElo "1354"]
[BlackElo "1641"]
[PlyCount "47"]
[EventDate "2015.??.??"]
[WhiteTeam "SC Heideck/Hilpoltstein 1"]
[BlackTeam "SC NT Nürnberg 4"]

1. d4 d5 2. Bf4 e6 3. Nf3 c6 4. e3 f5 5. Be2 Nf6 6. O-O Be7 7. Nbd2 O-O 8. c4
Ne4 9. Bxb8 Rxb8 10. Ne5 g5 11. f3 Nf6 12. c5 Qe8 13. Rf2 h5 14. h3 h4 15. f4
Ne4 16. Nxe4 fxe4 17. Bh5 Qd8 18. Qg4 Bf6 19. fxg5 Bxe5 20. Rxf8+ Qxf8 21. dxe5
Qf5 22. Qxh4 Qxe5 23. Rf1 Qg7 24. Rf6 1-0